Sports Quiz

Random Sports or Football Quiz

NFL Falcons Top 20 Passing Yardage Leaders Quiz Stats

 Plays Quiz not verified by Sporcle

Score 0/20 Timer 04:00
0 Plays Today
Yardage Passer % Correct
37,701Matt Ryan
99.6%
11,505Michael Vick
95.5%
13,268Chris Chandler
93.8%
23,470Steve Bartkowski
87.1%
14,066Chris Miller
72.3%
8,575Jeff George
71.9%
5,538Randy Johnson
60.3%
2,532Doug Johnson
60.3%
7,053Bobby Hebert
56.3%
2,215Joey Harrington
54.5%
Yardage Passer % Correct
2,068Chris Redman
48.2%
4,275David Archer
35.3%
2,638Bob Lee
33%
8,489Bob Berry
29%
2,467Billy Joe Tolliver
29%
1,366Wade Wilson
21.9%
2,262Scott Campbell
15.2%
1,531Scott Hunter
14.7%
1,155Pat Sullivan
11.6%
2,122Mike Moroski
10.3%

You're not logged in!

Compare scores with friends on all Sporcle quizzes.
OR
Log In

You Might Also Like...

Show Comments

Extras

Top Quizzes Today


Score Distribution

Your Account Isn't Verified!

In order to create a playlist on Sporcle, you need to verify the email address you used during registration. Go to your Sporcle Settings to finish the process.

Report this User

Report this user for behavior that violates our Community Guidelines.

Details: